LEADER 01170nam a2200277 i 4500 001 000000154262 003 CaOOAMICUS 005 20061013000000.0 008 061013s1976 it u000 u ita u 013 $a131608 040 $aSeMil$bita 100 1 $aDe Sanctis, Gaetano,$d<1870-1957>.$0(OLS)http://semarc/name/1338 245 13$aLa guerra sociale :$bopera inedita /$cGaetano De Sanctis ; a cura di Leandro Polverini. 260 $aFirenze :$bLa Nuova Italia,$c1976. 300 $aXLIII, 144 p. ;$c22 cm. 490 0 $aIl pensiero storico ;$v67 500 $aContiene : Appendice bibliografica. - Fondo Ciprandi. 650 4$aGuerra sociale <91-88 a.C.>.$0(OLS)http://semarc/subject/30201 700 1 $aPolverini, Leandro.$0(OLS)http://semarc/name/60369 830 3$aIl pensiero storico ;$v67.$0(OLS)http://semarc/title/7219 850 $aSeMil 852 $aSeMil$W1$xVenegono$y1$m3S II 50$j237619$B106122$CSeMilBibl$Z2$F115310 $81 941 1 $a1 961 $aOmaggio: Ciprandi dott. Paolo 996 $6245$aLa guerra sociale :$bopera inedita$9(OLS)http://semarc/title/225764 996 $6260$aFirenze :$bLa Nuova Italia$9(OLS)http://semarc/publisher/30055 LEADER 01106nam a2200229 i 4500 001 000000192360 003 CaOOAMICUS 005 20100916000000.0 008 100916s1924 it u000 u ita u 013 $a170939 040 $aSeMil$bita 100 1 $aAndina, Ferdinando.$0(OLS)http://semarc/name/55079 245 14$a"Un curato ticinese" Don Fedele Poli di Pura /$cMemorie raccolte e pubblicate da Don Ferdinando Andina Parroco di Pura ; con lettera di Mons. A. Bacciarini , Vescovo. 260 $aBergamo :$bTipografia Orfanotrofio Maschile,$c1924. 300 $a201 p., [1] p. di ritratto ;$c19 cm. 500 $aContiene : Appendice. 650 4$aPoli, Fedele .$0(OLS)http://semarc/subject/36217 700 1 $aBacciarini, Aurelio Stefano,$c.$0(OLS)http://semarc/name/10299 850 $aSeMil 852 $aSeMil$W1$xVenegono$y1$m3J II 36$j142935$B142935$CSeMilBibl$Z2$F154313 $81 996 $6245$a"Un curato ticinese" Don Fedele Poli di Pura$9(OLS)http://semarc/title/277237 996 $6260$aBergamo :$bTipografia Orfanotrofio Maschile$9(OLS)http://semarc/publisher/47015